Statistics for 8-Letter Countries (with a map)

Click here to take the quiz!

General Stats

  • This quiz has been taken 1,917 times
    (909 since last reset)
  • The average score is 188 of 196

Answers on the Map

Answers color-coded by a green-red scale on the quiz's map according to % correct below.
 

Answer Stats

country% Correct
x
100%
Mongolia
91%
Colombia
90%
Paraguay
90%
Ethiopia
87%
Botswana
85%
Zimbabwe
82%
Tanzania
81%
Cameroon
78%
Pakistan
78%
Slovakia
73%
Thailand
73%
Honduras
71%
Slovenia
69%
Portugal
67%
Bulgaria
65%
Cambodia
65%
Suriname
65%
Malaysia
64%
Eswatini
52%
Sri Lanka
52%
Kiribati
49%
Maldives
42%
Barbados
40%
Djibouti
37%
Dominica
36%

Score Distribution

Percentile by Number Answered

Percent of People with Each Score

Your Score History

You have not taken this quiz since the last reset